Statistics for NBA: Top 15 White Scorers (2020-2021 Season)

Click here to take the quiz!

General Stats

  • This quiz has been taken 163 times
    (145 since last reset)
  • The average score is 8 of 15

Answer Stats

#PlayerPoints% Correct
1Nikola Jokić1,898
97%
2Luka Dončić1,830
96%
11Kristaps Porziņģis865
67%
4Domantas Sabonis1,260
63%
3Nikola Vučević1,639
61%
14Tyler Herro815
61%
5Bojan Bogdanović1,225
55%
9Duncan Robinson942
54%
12Gordon Hayward863
44%
15Joe Ingles809
44%
8Joe Harris974
42%
6Jonas Valančiūnas1,058
41%
7Kelly Olynyk945
14%
10Doug McDermott899
8%
13Kevin Huerter822
8%

Score Distribution

Percentile by Number Answered

Percent of People with Each Score

Your Score History

You have not taken this quiz since the last reset